Tetamu koridor

Bibliographic Details
Main Author: Zurina Shafie
Format: Book
Published: Selangor : Penapro , 2005
Series:Siri fiksyen sains millenium
Subjects:

MARC

LEADER 00000cam a2200000 7i4500
001 0000000441
005 20151222.0
008 070702
020 |a 9839496697(set) 
020 |a 9839496727 
090 0 0 |a JF   |b MAL 
100 0 |a Zurina Shafie 
245 1 0 |a Tetamu koridor   |c Zurina Shafie 
260 |a Selangor :   |b Penapro ,   |c 2005 
440 |a Siri fiksyen sains millenium 
500 |a Children ages 10-12 years old (pink) 
650 0 |a Junior fiction   |x Malay   |x Languages 
650 0 |a Science fiction 
999 |a 0000904453   |b Book   |c Teenagers   |e Cawangan Bandar Tenggara 
999 |a 0000956388   |b Book   |c Children Collection   |e Perbadanan Perpustakaan Awam Johor 
999 |a 0000956389   |b Book   |c Children Collection   |e Perbadanan Perpustakaan Awam Johor 
999 |a 0000956390   |b Book   |c Children Collection   |e Perbadanan Perpustakaan Awam Johor 
999 |a 0000989775   |b Book   |c Children Collection   |e Cawangan Bukit Gambir 
999 |a 0000989776   |b Book   |c Children Collection   |e Perbadanan Perpustakaan Awam Johor 
999 |a 0000989777   |b Book   |c Children Collection   |e Perbadanan Perpustakaan Awam Johor 
999 |a 0000989778   |b Book   |c Children Collection   |e Cawangan Bukit Gambir 
999 |a 0000989779   |b Book   |c Children Collection   |e Cawangan Kota Tinggi